000 nam a22 a 4500
999 _c59408
_d59408
003 BLK
005 20230504140038.0
008 180408b bul|||||r ||||||| ||bul||
010 _aKNG00063501000
020 _a954-07-0191-0
040 _aBLK
041 _aBUL
_cBUL
080 _aСтепени на управление. Административни органи на централно и местно управление
_b352/354
_x(410)
_z352/354(410)
100 1 _aЦанков, Васил
_eпърви автор
_9267218
139 _aЦанков, Васил
245 1 0 _aМестното управление във Великобритания
_bОрганизационно-правен аспект
_cВасил Цанков.
257 _aBGR
260 _aСофия
_bУнив. изд. Св. Климент Охридски
_c1993
300 _a128 с.
_c22 см
380 _a3
650 4 _aАдминистративно-териториални единици
_9244241
650 4 _aВеликобритания
_9178698
651 4 _aВеликобритания
_9178698
852 _aЦб 174552
_bЦб
856 4 _qpdf
_i0.00
_ldisable
856 4 _qpdf
_i0.00
_ldisable
942 _cKNG
_n0
_s1
944 _aCR
_c13.06.2004
_kКети_Илиева
944 _aED
_c15.10.2015
999 _d59408